[Event "Paul Keres mem (25th)"]
[Site "Vancouver CAN"]
[Date "2000.05.20"]
[Round "8"]
[White "Pupols, Viktors"]
[Black "Milicevic, Dragoljub"]
[Result "0-1"]
[WhiteElo "2242"]
[BlackElo "2184"]
[PlyCount "176"]
[GameId "2160767911716104"]
[EventDate "2000.05.13"]
[EventType "swiss"]
[EventRounds "10"]
[EventCountry "CAN"]
[SourceTitle "The Week in Chess 290"]
[Source "Mark Crowther"]
[SourceDate "2000.05.30"]
[SourceVersion "1"]
[SourceVersionDate "2000.05.30"]
[SourceQuality "2"]

1. d4 g6 2. g3 Bg7 3. Bg2 f5 4. Nh3 Nf6 5. c3 d5 6. Nd2 Nc6 7. Nf4 e5 8. dxe5 Nxe5 9. Nf3 Nxf3+ 10. Bxf3 c6 11. O-O O-O 12. Bg2 Qe7 13. Be3 Re8 14. Re1 g5 15. Nd3 h6 16. a4 Be6 17. a5 Bf7 18. Bc5 Qc7 19. f3 Bg6 20. Qa4 Kh7 21. Bf2 a6 22. Kh1 Qf7 23. Qb4 Re6 24. Bf1 Rae8 25. Kg1 Bh5 26. Qb6 Bf8 27. Qb3 Bd6 28. Qc2 Bg6 29. Qa4 Qe7 30. b4 Ne4 31. Bd4 Nd2 32. Qd1 Nc4 33. Nc5 Ne3 34. Qd2 Bxc5 35. Bxc5 Qc7 36. Bxe3 Rxe3 37. Qd4 Qe5 38. Rac1 Qxd4 39. cxd4 f4 40. Kf2 Rb3 41. Red1 Rxb4 42. Rd2 Re3 43. Bh3 Ra3 44. Rc5 Kg7 45. gxf4 gxf4 46. Bc8 Be8 47. Kg2 Kf6 48. Kh3 h5 49. Kh4 Raa4 50. Rdc2 Ke7 51. Kg5 Kd8 52. Bf5 Rxd4 53. Bd3 Rdb4 54. Kf6 Ra1 55. Ke5 Ke7 56. Rc1 Rba4 57. Rxa1 Rxa1 58. h4 Rh1 59. Rc2 Bd7 60. Rb2 Bc8 61. Rb4 Rxh4 62. Rb1 Rh3 63. Rg1 Rg3 64. Rh1 Rg5+ 65. Kxf4 Kf6 66. e4 dxe4 67. Bxe4 Bf5 68. Rb1 Bxe4 69. fxe4 Rb5 70. Rd1 Ke6 71. Rd8 Rxa5 72. Rh8 Rb5 73. Rh6+ Kf7 74. e5 Rb1 75. Rxh5 Ke6 76. Rh6+ Kd5 77. Rd6+ Kc5 78. Rd2 Rf1+ 79. Ke4 Re1+ 80. Kf5 b5 81. Ke6 a5 82. Rc2+ Kd4 83. Kd6 Rxe5 84. Rd2+ Kc3 85. Ra2 Rh5 86. Rxa5 Kb4 87. Ra1 Rh6+ 88. Ke5 Rh3 0-1

[Event "Paul Keres mem (25th)"]
[Site "Vancouver CAN"]
[Date "2000.05.20"]
[Round "8"]
[White "Remedios, Russell"]
[Black "Vetemaa, Juri"]
[Result "0-1"]
[WhiteElo "2050"]
[BlackElo "2287"]
[PlyCount "96"]
[GameId "2160767911716105"]
[EventDate "2000.05.13"]
[EventType "swiss"]
[EventRounds "10"]
[EventCountry "CAN"]
[SourceTitle "The Week in Chess 290"]
[Source "Mark Crowther"]
[SourceDate "2000.05.30"]
[SourceVersion "1"]
[SourceVersionDate "2000.05.30"]
[SourceQuality "2"]

1. d4 Nf6 2. Nf3 g6 3. g3 Bg7 4. Bg2 O-O 5. O-O c5 6. c3 Na6 7. Re1 d5 8. Bf4 Bf5 9. Nbd2 cxd4 10. Nxd4 Bg4 11. Be5 Nc5 12. Qc2 Ncd7 13. Bxf6 Nxf6 14. Qb3 e5 15. N4f3 Qc7 16. e4 dxe4 17. Nxe4 Nxe4 18. Rxe4 Be6 19. Qb5 a6 20. Qa4 f6 21. Rd1 Rfd8 22. Ree1 Rxd1 23. Rxd1 Rd8 24. a3 Bf8 25. Bf1 b5 26. Qc2 Bc5 27. Rxd8+ Qxd8 28. Qd2 Qc7 29. Bg2 Kg7 30. Ne1 Ba7 31. Nc2 f5 32. h4 h6 33. Nb4 e4 34. Kf1 Bc4+ 35. Kg1 Bb3 36. Nxa6 Qe7 37. Kh2 e3 38. fxe3 Bxe3 39. Qd3 Bc4 40. Qd1 f4 41. Qf3 fxg3+ 42. Qxg3 g5 43. hxg5 hxg5 44. Kh1 Bf4 45. Qf2 Kg8 46. Bf3 Qh7+ 47. Kg1 Qh3 48. Nb4 Bh2+ 0-1

[Event "Paul Keres mem (25th)"]
[Site "Vancouver CAN"]
[Date "2000.05.20"]
[Round "8"]
[White "Stanford, Mike"]
[Black "Franett, Michael"]
[Result "1-0"]
[WhiteElo "2010"]
[BlackElo "2125"]
[PlyCount "51"]
[GameId "2160767911716106"]
[EventDate "2000.05.13"]
[EventType "swiss"]
[EventRounds "10"]
[EventCountry "CAN"]
[SourceTitle "The Week in Chess 290"]
[Source "Mark Crowther"]
[SourceDate "2000.05.30"]
[SourceVersion "1"]
[SourceVersionDate "2000.05.30"]
[SourceQuality "2"]

1. e4 c5 2. Nf3 e6 3. d4 cxd4 4. Nxd4 a6 5. c4 Nf6 6. Bd3 Qc7 7. O-O Be7 8. Nc3 O-O 9. Kh1 Nc6 10. Nxc6 dxc6 11. f4 e5 12. f5 Rd8 13. Qe2 Nd7 14. Be3 Nf8 15. Bc2 b5 16. Qf2 Rb8 17. c5 a5 18. g4 Ba6 19. Rg1 b4 20. Na4 Bd3 21. Bxd3 Rxd3 22. b3 Rbd8 23. Nb2 Bh4 24. Qe2 Rc3 25. Rad1 Nd7 26. Na4 1-0

[Event "Paul Keres mem (25th)"]
[Site "Vancouver CAN"]
[Date "2000.05.20"]
[Round "8"]
[White "Wright, Stephen"]
[Black "Neff, Elliott"]
[Result "1/2-1/2"]
[WhiteElo "2258"]
[BlackElo "2123"]
[PlyCount "50"]
[GameId "2160767911716107"]
[EventDate "2000.05.13"]
[EventType "swiss"]
[EventRounds "10"]
[EventCountry "CAN"]
[SourceTitle "The Week in Chess 290"]
[Source "Mark Crowther"]
[SourceDate "2000.05.30"]
[SourceVersion "1"]
[SourceVersionDate "2000.05.30"]
[SourceQuality "2"]

1. d4 Nf6 2. Bg5 Ne4 3. Bf4 d5 4. f3 Nf6 5. e4 e6 6. e5 Nfd7 7. Be3 c5 8. c3 Nc6 9. f4 cxd4 10. cxd4 f5 11. Nf3 Be7 12. Nc3 Nb6 13. b3 Bd7 14. Bd3 Rc8 15. Bd2 Nb4 16. Be2 a5 17. a3 Nc6 18. a4 Na8 19. Nb5 Qb6 20. O-O Nc7 21. Nd6+ Bxd6 22. exd6 Na6 23. Bb5 O-O 24. Bxc6 Rxc6 25. Qe1 Qxb3 1/2-1/2

[Event "Paul Keres mem (25th)"]
[Site "Vancouver CAN"]
[Date "2000.05.20"]
[Round "8"]
[White "Wu, Howard"]
[Black "Niksic, John"]
[Result "1/2-1/2"]
[WhiteElo "2176"]
[BlackElo "2125"]
[PlyCount "63"]
[GameId "2160767911716108"]
[EventDate "2000.05.13"]
[EventType "swiss"]
[EventRounds "10"]
[EventCountry "CAN"]
[SourceTitle "The Week in Chess 290"]
[Source "Mark Crowther"]
[SourceDate "2000.05.30"]
[SourceVersion "1"]
[SourceVersionDate "2000.05.30"]
[SourceQuality "2"]

1. e4 e6 2. d4 d5 3. Nd2 Nf6 4. e5 Nfd7 5. Bd3 c5 6. c3 Nc6 7. Ne2 a5 8. f4 g6 9. O-O h5 10. Nf3 Be7 11. Be3 c4 12. Bc2 b5 13. Qb1 Nf8 14. a3 Bd7 15. Qe1 b4 16. axb4 axb4 17. Rxa8 Qxa8 18. Bf2 Kd8 19. Bh4 Bxh4 20. Qxh4+ Ke8 21. Qf6 Rg8 22. Ng5 Nd8 23. cxb4 Bb5 24. Nc3 Nd7 25. Nxb5 Nxf6 26. Nc7+ Kd7 27. Nxa8 Nc6 28. Nb6+ Kc7 29. exf6 Kxb6 30. Nxf7 Nxd4 31. Bxg6 Ne2+ 32. Kh1 1/2-1/2

[Event "Paul Keres mem (25th) U2000"]
[Site "Vancouver CAN"]
[Date "2000.05.16"]
[Round "4"]
[White "Fowler, Steve"]
[Black "Kerry, James"]
[Result "0-1"]
[WhiteElo "1965"]
[BlackElo "1944"]
[PlyCount "77"]
[GameId "2160767911716144"]
[EventDate "2000.05.13"]
[EventType "swiss"]
[EventRounds "10"]
[EventCountry "CAN"]

1. Nf3 Nf6 2. d4 d5 3. c4 c6 4. Nc3 dxc4 5. e4 b5 6. e5 Nd5 7. Ne4 Bf5 8. Ng3 Bg6 9. Bd2 e6 10. a3 Nd7 11. h4 h6 12. h5 Bh7 13. Nh4 c5 14. Qg4 cxd4 15. Ng6 Bxg6 16. hxg6 Nxe5 17. gxf7+ Nxf7 18. Qxd4 Qf6 19. Qxf6 gxf6 20. a4 Nb4 21. O-O-O a6 22. Ne4 Nd5 23. g4 O-O-O 24. Ba5 Rd7 25. Bg2 Be7 26. Ng3 Bb4 27. Rxd5 exd5 28. Bxb4 Ne5 29. Bf1 Nxg4 30. Bh3 Nxf2 31. Bxd7+ Kxd7 32. Rd1 Nxd1 33. Kxd1 h5 34. axb5 h4 35. Nh1 axb5 36. Bc5 h3 37. Bg1 Rg8 38. Bh2 Rg2 39. Bf4 0-1

[Event "Pere Noel"]
[Site "Montreal CAN"]
[Date "2000.12.26"]
[Round "1"]
[White "Belanger, Jacques"]
[Black "Sarwer, Jeff"]
[Result "1-0"]
[WhiteElo "2100"]
[BlackElo "2257"]
[PlyCount "55"]
[GameId "2160767911627392"]
[EventDate "2000.12.26"]
[EventType "swiss"]
[EventRounds "5"]
[EventCountry "CAN"]
[SourceTitle "EXT 2003"]
[Source "ChessBase"]
[SourceDate "2002.11.25"]
[SourceVersion "1"]
[SourceVersionDate "2002.11.25"]
[SourceQuality "1"]

1. e4 Nc6 2. d4 e5 3. dxe5 Nxe5 4. Nf3 Nxf3+ 5. Qxf3 Qf6 6. Qg3 Bb4+ 7. c3 Bc5 8. Be3 Bxe3 9. Qxe3 Ne7 10. Na3 O-O 11. Nb5 c6 12. Nxa7 d5 13. Nxc8 Rfxc8 14. e5 Qe6 15. Bd3 Nf5 16. Qf4 Re8 17. O-O Nh6 18. Rfe1 f6 19. exf6 Qxe1+ 20. Rxe1 Rxe1+ 21. Bf1 Rxa2 22. Qg5 Nf5 23. Qxf5 Raa1 24. Qc8+ Kf7 25. Qxb7+ Kg6 26. Qxg7+ Kf5 27. g4+ Kf4 28. f7 1-0

[Event "Pere Noel"]
[Site "Montreal CAN"]
[Date "2000.12.26"]
[Round "1"]
[White "Bolduc, Steve"]
[Black "Masse, Hugues"]
[Result "1-0"]
[WhiteElo "2207"]
[BlackElo "2064"]
[PlyCount "56"]
[GameId "2160767911627393"]
[EventDate "2000.12.26"]
[EventType "swiss"]
[EventRounds "5"]
[EventCountry "CAN"]
[SourceTitle "EXT 2003"]
[Source "ChessBase"]
[SourceDate "2002.11.25"]
[SourceVersion "1"]
[SourceVersionDate "2002.11.25"]
[SourceQuality "1"]

1. d4 Nf6 2. Bg5 Ne4 3. Bf4 c5 4. f3 Nf6 5. d5 Qb6 6. e4 d6 7. Nd2 Qxb2 8. Nc4 Qb4+ 9. Bd2 Qa4 10. Rb1 Nbd7 11. Bd3 e6 12. Ne2 exd5 13. Nc3 Qc6 14. exd5 Qc7 15. O-O Be7 16. Re1 Kd8 17. Rxe7 Kxe7 18. Bf4 Ne8 19. Nxd6 Nxd6 20. Ne4 Qa5 21. Nxd6 Kf8 22. Nf5 Nf6 23. Bd6+ Ke8 24. Qe2+ Be6 25. dxe6 fxe6 26. Qxe6+ Kd8 27. Qe7+ Kc8 28. Qxb7+ Kd8 1-0

[Event "Pere Noel"]
[Site "Montreal CAN"]
[Date "2000.12.26"]
[Round "1"]
[White "Mikanovic, Goran"]
[Black "Gagnon, Michel"]
[Result "1-0"]
[WhiteElo "2340"]
[BlackElo "2118"]
[PlyCount "67"]
[GameId "2160767911627396"]
[EventDate "2000.12.26"]
[EventType "swiss"]
[EventRounds "5"]
[EventCountry "CAN"]
[SourceTitle "EXT 2003"]
[Source "ChessBase"]
[SourceDate "2002.11.25"]
[SourceVersion "1"]
[SourceVersionDate "2002.11.25"]
[SourceQuality "1"]

1. d4 d5 2. c4 dxc4 3. e4 Nf6 4. e5 Nd5 5. Bxc4 e6 6. Nf3 c5 7. O-O Nc6 8. Nc3 Nxc3 9. bxc3 Be7 10. Be3 Qa5 11. Qd3 a6 12. Qe4 Bd7 13. Qg4 g6 14. Rfc1 cxd4 15. cxd4 Ba3 16. Rd1 Nb4 17. Ng5 Nd5 18. Qf3 Rf8 19. Nxh7 Bc6 20. Bd2 Nb4 21. d5 exd5 22. Nf6+ Kd8 23. Bxd5 Kc7 24. Bxc6 bxc6 25. Bxb4 Bxb4 26. a3 Bd2 27. Ne4 Rad8 28. Nxd2 Rxd2 29. Rxd2 Qxd2 30. Rd1 Qa2 31. Qd3 Ra8 32. Qd6+ Kb7 33. Qe7+ Kb6 34. Qb4+ 1-0

[Event "Pere Noel"]
[Site "Montreal CAN"]
[Date "2000.12.26"]
[Round "1"]
[White "Poitras, Luc"]
[Black "Strassmann, Swantje"]
[Result "1-0"]
[WhiteElo "2156"]
[BlackElo "2007"]
[PlyCount "69"]
[GameId "2160767911627399"]
[EventDate "2000.12.26"]
[EventType "swiss"]
[EventRounds "5"]
[EventCountry "CAN"]
[SourceTitle "EXT 2003"]
[Source "ChessBase"]
[SourceDate "2002.11.25"]
[SourceVersion "1"]
[SourceVersionDate "2002.11.25"]
[SourceQuality "1"]

1. e4 Nc6 2. d4 e5 3. dxe5 Nxe5 4. f4 Ng6 5. Be3 Bb4+ 6. c3 Ba5 7. Nf3 Qe7 8. Bd3 Nf6 9. Qa4 Ng4 10. Qxa5 Nxe3 11. g3 c6 12. c4 d5 13. cxd5 Nxd5 14. Nc3 Nb4 15. O-O-O O-O 16. a3 Nxd3+ 17. Rxd3 b6 18. Qa4 Qc7 19. Qc2 Ba6 20. Rd2 Rad8 21. Rhd1 Ne7 22. Ne5 Rxd2 23. Qxd2 Bc8 24. Qd6 Qxd6 25. Rxd6 c5 26. Nb5 f6 27. Nd7 Bxd7 28. Rxd7 Nc6 29. Nxa7 Nd4 30. Rd6 Re8 31. Rxb6 Rxe4 32. a4 Ne2+ 33. Kd2 Rxa4 34. Rb8+ Kf7 35. Rb7+ 1-0

[Event "Pere Noel"]
[Site "Montreal CAN"]
[Date "2000.12.26"]
[Round "1"]
[White "Prahov, Valentin"]
[Black "Champetier, Serge"]
[Result "1/2-1/2"]
[WhiteElo "2198"]
[BlackElo "2031"]
[PlyCount "80"]
[GameId "2160767911627400"]
[EventDate "2000.12.26"]
[EventType "swiss"]
[EventRounds "5"]
[EventCountry "CAN"]
[SourceTitle "EXT 2003"]
[Source "ChessBase"]
[SourceDate "2002.11.25"]
[SourceVersion "1"]
[SourceVersionDate "2002.11.25"]
[SourceQuality "1"]

1. e4 c5 2. Nf3 d6 3. d4 cxd4 4. Nxd4 Nf6 5. Nc3 Nc6 6. Be2 e5 7. Nf3 h6 8. O-O Be6 9. Re1 Be7 10. h3 O-O 11. Bf1 a6 12. Nd5 Rc8 13. c4 Nb8 14. b4 Nbd7 15. Qb3 Bxd5 16. exd5 Nh7 17. Bb2 b6 18. Rad1 Kh8 19. c5 bxc5 20. Bxa6 Rb8 21. b5 f5 22. a4 e4 23. Nh2 Bf6 24. Bc3 c4 25. Qxc4 Nb6 26. Bxf6 Rxf6 27. Qd4 Rg6 28. Kh1 Nd7 29. g4 fxg4 30. Qxe4 Ne5 31. Nxg4 Qh4 32. Nh2 Qxh3 33. Rg1 Nf6 34. Qe3 Nfg4 35. Qg3 Qxg3 36. fxg3 Nf2+ 37. Kg2 Nxd1 38. Rxd1 Nc4 39. Rd3 Re8 40. Kh3 Rf6 1/2-1/2

[Event "Pere Noel"]
[Site "Montreal CAN"]
[Date "2000.12.26"]
[Round "1"]
[White "Saint-Pierre, Benoit"]
[Black "Desmarais, Emmanuel"]
[Result "1-0"]
[WhiteElo "2270"]
[BlackElo "2056"]
[PlyCount "55"]
[GameId "2160767911627402"]
[EventDate "2000.12.26"]
[EventType "swiss"]
[EventRounds "5"]
[EventCountry "CAN"]
[SourceTitle "EXT 2003"]
[Source "ChessBase"]
[SourceDate "2002.11.25"]
[SourceVersion "1"]
[SourceVersionDate "2002.11.25"]
[SourceQuality "1"]

1. e4 c6 2. d4 d5 3. exd5 cxd5 4. Bd3 Nf6 5. c3 Bg4 6. Qb3 Qb6 7. Qxb6 axb6 8. Na3 e6 9. Nb5 Na6 10. Bf4 Kd7 11. h3 Bh5 12. g4 Bg6 13. Nf3 Bxd3 14. Ne5+ Kd8 15. Nxd3 Ne8 16. a4 Nac7 17. Nxc7 Nxc7 18. Ne5 Ke8 19. Nxf7 Kxf7 20. Bxc7 b5 21. a5 b4 22. Kd2 Be7 23. cxb4 Bxb4+ 24. Kd3 Ke7 25. Ra4 Rac8 26. Be5 Bd6 27. Bxg7 Rhg8 28. Bh6 1-0

[Event "Pere Noel"]
[Site "Montreal CAN"]
[Date "2000.12.27"]
[Round "2"]
[White "Abreu Cordero, Jose"]
[Black "Bolduc, Steve"]
[Result "1/2-1/2"]
[WhiteElo "2200"]
[BlackElo "2207"]
[PlyCount "61"]
[GameId "2160767911627403"]
[EventDate "2000.12.26"]
[EventType "swiss"]
[EventRounds "5"]
[EventCountry "CAN"]
[SourceTitle "EXT 2003"]
[Source "ChessBase"]
[SourceDate "2002.11.25"]
[SourceVersion "1"]
[SourceVersionDate "2002.11.25"]
[SourceQuality "1"]

1. c4 c6 2. e4 d5 3. exd5 cxd5 4. d4 Nf6 5. Nf3 g6 6. Nc3 Bg7 7. Bg5 Nbd7 8. Bd3 O-O 9. O-O dxc4 10. Bxc4 Nb6 11. Be2 Be6 12. Bf4 Rc8 13. Rc1 Nbd5 14. Nxd5 Bxd5 15. Qa4 Qb6 16. b3 Ne4 17. Rxc8 Rxc8 18. Qd7 Qe6 19. Qxe6 Bxe6 20. Ne5 f6 21. Bc4 Bxc4 22. Nxc4 Nc3 23. Re1 Kf7 24. Kf1 b5 25. Rc1 Ne4 26. Na3 Rxc1+ 27. Bxc1 a6 28. Bb2 f5 29. Ke2 Bf6 30. f3 Nd6 31. Nc2 1/2-1/2

[Event "Pere Noel"]
[Site "Montreal CAN"]
[Date "2000.12.27"]
[Round "2"]
[White "Belanger, Jacques"]
[Black "Larochelle, Martial"]
[Result "0-1"]
[WhiteElo "2100"]
[BlackElo "2135"]
[PlyCount "44"]
[GameId "2160767911627404"]
[EventDate "2000.12.26"]
[EventType "swiss"]
[EventRounds "5"]
[EventCountry "CAN"]
[SourceTitle "EXT 2003"]
[Source "ChessBase"]
[SourceDate "2002.11.25"]
[SourceVersion "1"]
[SourceVersionDate "2002.11.25"]
[SourceQuality "1"]

1. e4 c5 2. Nf3 d6 3. d4 cxd4 4. Nxd4 Nf6 5. Nc3 a6 6. Bg5 e6 7. f4 Nc6 8. Qd2 h6 9. Bh4 Nxe4 10. Nxe4 Qxh4+ 11. g3 Qd8 12. O-O-O Bd7 13. Bg2 d5 14. Nc3 Bb4 15. Nde2 Qa5 16. f5 O-O-O 17. Qf4 d4 18. fxe6 Bxe6 19. Bxc6 dxc3 20. Nxc3 Bxc3 21. Qe3 Bxb2+ 22. Kxb2 Qxa2+ 0-1

[Event "Pere Noel"]
[Site "Montreal CAN"]
[Date "2000.12.27"]
[Round "2"]
[White "Paz, Roman"]
[Black "Fillion, Steve"]
[Result "1/2-1/2"]
[WhiteElo "1969"]
[BlackElo "2127"]
[PlyCount "113"]
[GameId "2160767911627408"]
[EventDate "2000.12.26"]
[EventType "swiss"]
[EventRounds "5"]
[EventCountry "CAN"]
[SourceTitle "EXT 2003"]
[Source "ChessBase"]
[SourceDate "2002.11.25"]
[SourceVersion "1"]
[SourceVersionDate "2002.11.25"]
[SourceQuality "1"]

1. d4 d5 2. Nf3 Nf6 3. Bf4 g6 4. e3 Bg7 5. Nbd2 O-O 6. Bd3 c5 7. Bxb8 Rxb8 8. c3 Qc7 9. Ne5 Ne8 10. Nef3 Nd6 11. O-O Bg4 12. h3 Bf5 13. Bxf5 Nxf5 14. Nb3 c4 15. Nbd2 Nd6 16. Qc2 f5 17. Ng5 Qd7 18. h4 h6 19. Nh3 Bf6 20. Nf4 Kf7 21. Nxd5 Bxh4 22. Nf3 Bf6 23. Rad1 Kg7 24. Nf4 Rfc8 25. Ne5 Qe8 26. Nexg6 e6 27. Qe2 Kh7 28. g3 Qf7 29. Kg2 b5 30. Qh5 Rg8 31. Rh1 Rxg6 32. Qf3 Rgg8 33. Qc6 Qe7 34. Rh2 Bg5 35. Nh3 Rbc8 36. Qf3 Kg7 37. Rdh1 Rh8 38. Qe2 a5 39. f4 Bf6 40. g4 fxg4 41. Qxg4+ Kf8 42. Kf1 Nf5 43. Qf3 Nh4 44. Qf2 Qh7 45. Qe2 Qb1+ 46. Kf2 Qe4 47. Ng1 Rg8 48. Nf3 Nf5 49. Rg1 Rxg1 50. Kxg1 Rc7 51. Nd2 Qxe3+ 52. Qxe3 Nxe3 53. Rxh6 Rg7+ 54. Kh1 Ng4 55. Rh5 Rb7 56. Ne4 Kg8 57. f5 1/2-1/2

[Event "Pere Noel"]
[Site "Montreal CAN"]
[Date "2000.12.27"]
[Round "2"]
[White "Pitre, Francois"]
[Black "Poitras, Luc"]
[Result "1-0"]
[WhiteElo "2005"]
[BlackElo "2156"]
[PlyCount "67"]
[GameId "2160767911627409"]
[EventDate "2000.12.26"]
[EventType "swiss"]
[EventRounds "5"]
[EventCountry "CAN"]
[SourceTitle "EXT 2003"]
[Source "ChessBase"]
[SourceDate "2002.11.25"]
[SourceVersion "1"]
[SourceVersionDate "2002.11.25"]
[SourceQuality "1"]

1. d4 Nf6 2. Nf3 e6 3. Nbd2 d5 4. e3 c5 5. c3 Nc6 6. Ne5 cxd4 7. exd4 Nxe5 8. dxe5 Nd7 9. Nf3 Qc7 10. Bf4 g6 11. Bd3 Bg7 12. Qe2 O-O 13. O-O Nc5 14. Bc2 b6 15. Rfe1 Bb7 16. Nd4 a6 17. Rac1 Rac8 18. Qg4 Nd7 19. h4 Rce8 20. Qg3 Nb8 21. h5 Nc6 22. Nf3 Ne7 23. Nd4 Qd7 24. Rcd1 b5 25. a3 Nc6 26. f3 Na5 27. Kf2 Nc4 28. Rh1 Nxb2 29. Rb1 Nc4 30. hxg6 fxg6 31. Rxh7 Qf7 32. Rbh1 Re7 33. Qh4 Qxf4 34. Rh8+ 1-0

[Event "Pere Noel"]
[Site "Montreal CAN"]
[Date "2000.12.27"]
[Round "2"]
[White "Pnevmonidis, Pantelis"]
[Black "Mikanovic, Goran"]
[Result "0-1"]
[WhiteElo "2158"]
[BlackElo "2340"]
[PlyCount "112"]
[GameId "2160767911627410"]
[EventDate "2000.12.26"]
[EventType "swiss"]
[EventRounds "5"]
[EventCountry "CAN"]
[SourceTitle "EXT 2003"]
[Source "ChessBase"]
[SourceDate "2002.11.25"]
[SourceVersion "1"]
[SourceVersionDate "2002.11.25"]
[SourceQuality "1"]

1. Nf3 c5 2. c4 e6 3. Nc3 Nf6 4. g3 b6 5. Bg2 Bb7 6. O-O Be7 7. d4 cxd4 8. Qxd4 d6 9. b3 Nbd7 10. Bb2 a6 11. Rfd1 O-O 12. e4 Qc7 13. Qe3 Rfe8 14. Rac1 Rac8 15. Nd4 Qb8 16. Qe2 Bf8 17. Qf1 Qa8 18. Re1 Nc5 19. f3 h5 20. Rcd1 Ncd7 21. Qe2 Ne5 22. Rd2 Ng6 23. Qd1 h4 24. Nde2 Qa7 25. Kh1 hxg3 26. hxg3 b5 27. cxb5 Rc5 28. b6 Rh5+ 29. Kg1 Qxb6+ 30. Kf1 Qa7 31. Ba3 d5 32. Bxf8 dxe4 33. Nxe4 Nxe4 34. fxe4 Rxf8 35. Rd8 Qb6 36. Rxf8+ Nxf8 37. Qd4 Qa5 38. a4 Rh6 39. Nc3 Qg5 40. Qe3 Qa5 41. Qd4 e5 42. Qe3 Ne6 43. Nd5 Nd4 44. Rc1 Kh7 45. Qc3 Qd8 46. b4 Bxd5 47. exd5 Qf6+ 48. Ke1 Rh2 49. Qe3 g6 50. Qg1 Rh5 51. Rc3 Qb6 52. Qf2 Rf5 53. Qb2 Kg7 54. Rd3 Nc2+ 55. Kd1 Nxb4 56. d6 Qg1+ 0-1

[Event "Pere Noel"]
[Site "Montreal CAN"]
[Date "2000.12.28"]
[Round "3"]
[White "Bolduc, Steve"]
[Black "Ramaswamy, Kishor"]
[Result "1-0"]
[WhiteElo "2207"]
[BlackElo "1896"]
[PlyCount "81"]
[GameId "2160767911627412"]
[EventDate "2000.12.26"]
[EventType "swiss"]
[EventRounds "5"]
[EventCountry "CAN"]
[SourceTitle "EXT 2003"]
[Source "ChessBase"]
[SourceDate "2002.11.25"]
[SourceVersion "1"]
[SourceVersionDate "2002.11.25"]
[SourceQuality "1"]

1. d4 d5 2. Nf3 Nf6 3. c4 e6 4. Nc3 Nbd7 5. cxd5 exd5 6. Bg5 c6 7. e3 Be7 8. Bd3 O-O 9. Qc2 Re8 10. O-O Nf8 11. Bxf6 Bxf6 12. b4 Bg4 13. Nd2 Qd6 14. b5 Rac8 15. bxc6 bxc6 16. Na4 Bd8 17. Rfc1 Bh5 18. Rab1 Bc7 19. Nf1 Bb8 20. Rb7 Bg6 21. Bxg6 Qxg6 22. Qxg6 hxg6 23. Nd2 Red8 24. Rcb1 Ne6 25. Nb3 Nc7 26. Na5 Nb5 27. Nxc6 Rxc6 28. R7xb5 Bd6 29. g3 Bf8 30. Rb8 Rxb8 31. Rxb8 f5 32. Nc5 Rf6 33. Nd7 Rf7 34. Rd8 a5 35. h4 a4 36. Kf1 a3 37. Ke2 f4 38. gxf4 Rf5 39. Rxf8+ Rxf8 40. Nxf8 Kxf8 41. Kd3 1-0

[Event "Pere Noel"]
[Site "Montreal CAN"]
[Date "2000.12.28"]
[Round "3"]
[White "Cardin, Guillaume"]
[Black "Pnevmonidis, Pantelis"]
[Result "0-1"]
[WhiteElo "1933"]
[BlackElo "2158"]
[PlyCount "40"]
[GameId "2160767911627413"]
[EventDate "2000.12.26"]
[EventType "swiss"]
[EventRounds "5"]
[EventCountry "CAN"]
[SourceTitle "EXT 2003"]
[Source "ChessBase"]
[SourceDate "2002.11.25"]
[SourceVersion "1"]
[SourceVersionDate "2002.11.25"]
[SourceQuality "1"]

1. e4 c5 2. Nf3 d6 3. d4 cxd4 4. Nxd4 Nf6 5. Nc3 a6 6. Bg5 e6 7. f4 Qb6 8. Qd2 Qxb2 9. Rb1 Qa3 10. e5 dxe5 11. fxe5 Nfd7 12. Be2 Qa5 13. O-O Bc5 14. Qf4 O-O 15. Rf3 Nc6 16. Rh3 Ndxe5 17. Qh4 Bxd4+ 18. Kh1 h6 19. Bd3 Nxd3 20. cxd3 Qxg5 0-1

[Event "Pere Noel"]
[Site "Montreal CAN"]
[Date "2000.12.28"]
[Round "3"]
[White "Larochelle, Martial"]
[Black "Pitre, Francois"]
[Result "1/2-1/2"]
[WhiteElo "2135"]
[BlackElo "2005"]
[PlyCount "47"]
[GameId "2160767911627414"]
[EventDate "2000.12.26"]
[EventType "swiss"]
[EventRounds "5"]
[EventCountry "CAN"]
[SourceTitle "EXT 2003"]
[Source "ChessBase"]
[SourceDate "2002.11.25"]
[SourceVersion "1"]
[SourceVersionDate "2002.11.25"]
[SourceQuality "1"]

1. c4 e5 2. g3 Nf6 3. Bg2 c6 4. d4 e4 5. Nc3 d5 6. Bg5 Be6 7. cxd5 cxd5 8. Bxf6 gxf6 9. Qb3 Qd7 10. e3 Nc6 11. Nge2 Bd6 12. O-O Na5 13. Qb5 Nc4 14. Rfc1 a6 15. Qxd7+ Kxd7 16. b3 Nb6 17. a4 a5 18. Bf1 Rac8 19. Nf4 Bb4 20. Na2 Ba3 21. Rcb1 Rc2 22. Nc3 Bb4 23. Na2 Ba3 24. Nc3 1/2-1/2

[Event "Pere Noel"]
[Site "Montreal CAN"]
[Date "2000.12.28"]
[Round "3"]
[White "Mikanovic, Goran"]
[Black "Proulx, Denis"]
[Result "1-0"]
[WhiteElo "2340"]
[BlackElo "1917"]
[PlyCount "101"]
[GameId "2160767911627416"]
[EventDate "2000.12.26"]
[EventType "swiss"]
[EventRounds "5"]
[EventCountry "CAN"]
[SourceTitle "EXT 2003"]
[Source "ChessBase"]
[SourceDate "2002.11.25"]
[SourceVersion "1"]
[SourceVersionDate "2002.11.25"]
[SourceQuality "1"]

1. d4 Nf6 2. c4 g6 3. Nc3 Bg7 4. e4 d6 5. Nf3 O-O 6. Be2 e5 7. O-O Nc6 8. d5 Ne7 9. b4 Nh5 10. Re1 Nf4 11. Bf1 Bg4 12. h3 Bxf3 13. Qxf3 f5 14. Qd1 Kh8 15. g3 Nh5 16. exf5 e4 17. Bb2 e3 18. Rxe3 Nxf5 19. Rd3 Nf6 20. Bg2 h5 21. Qd2 Bh6 22. Qc2 Qe7 23. Ne4 Bg7 24. Nxf6 Bxf6 25. Bxf6+ Rxf6 26. Qc3 Kh7 27. Re1 Qf7 28. Rf3 Rf8 29. Re4 Qg7 30. h4 g5 31. hxg5 Qxg5 32. Bh3 b6 33. Bxf5+ Rxf5 34. Rxf5 Rxf5 35. Re8 Re5 36. Qd3+ Kg7 37. f4 Qf5 38. Re7+ Kf8 39. Qxf5+ Rxf5 40. Rxc7 h4 41. Kg2 b5 42. cxb5 hxg3 43. Kxg3 Rxd5 44. a4 Rd4 45. Rxa7 Rxb4 46. Kg4 d5 47. Kf5 d4 48. Ke4 d3+ 49. Kxd3 Rxf4 50. b6 Rb4 51. b7 1-0

[Event "Pere Noel"]
[Site "Montreal CAN"]
[Date "2000.12.28"]
[Round "3"]
[White "Trinh, Tri Bao"]
[Black "Gravel, Simon M"]
[Result "0-1"]
[WhiteElo "1922"]
[BlackElo "2266"]
[PlyCount "34"]
[GameId "2160767911627420"]
[EventDate "2000.12.26"]
[EventType "swiss"]
[EventRounds "5"]
[EventCountry "CAN"]
[SourceTitle "EXT 2003"]
[Source "ChessBase"]
[SourceDate "2002.11.25"]
[SourceVersion "1"]
[SourceVersionDate "2002.11.25"]
[SourceQuality "1"]

1. e4 e5 2. Nf3 Nf6 3. Bc4 Nxe4 4. Qe2 d5 5. O-O Be7 6. Nxe5 O-O 7. d4 Re8 8. Nxf7 Kxf7 9. Qxe4 dxc4 10. Qxh7 Qxd4 11. Nc3 Qh4 12. Qxh4 Bxh4 13. Nd5 Na6 14. Bf4 Be6 15. Nxc7 Nxc7 16. Bxc7 Bf5 17. Bg3 Bf6 0-1